It looks like you're offline.
Open Library logo
additional options menu

MARC record from Internet Archive

LEADER: 00991cam 22003010i 4500
001 0116300891854
008 770310s1976 onc 1 eng d
010 $a 77351850 //r852
015 $aC***
020 $a0888960379.$a0888960387$bpbk.
035 $a(Sirsi) AAG-5424
035 $a22686658.C..
040 $aOPET$beng
043 $an-cn---
046 $aDLC$cDLC
050 00 $aHD9839.N44$bA255
082 $a338.8/3
090 0 $aHD 9839 .N44 A255 1976$bb
100 1 $aMathias, Philip,$d1949-
245 10 $aTakeover :$bthe 22 days of risk and decision that created the world's largest newsprint empire, Abitibi-Price /$cby Philip Mathias. --
260 $aToronto :$bMaclean-Hunter Limited,$c1976.
300 $axiv, 287 p. ;$c24 cm.
500 $a"A Financial post book."
610 20 $aAbitibi Paper Company.
610 20 $aPrice Company.
650 0 $aConsolidation and merger of corporations$zCanada.
650 0 $aNewsprint industry$zCanada.
650 0 $aPaper industry$zCanada.